[Event "Palma de Mallorca op (Women)"]
[Site "Palma de Mallorca"]
[Date "2022.10.29"]
[Round "3"]
[White "De la Riva Real, Ariadna"]
[Black "De la Riva Real, Jana"]
[Result "1-0"]
[WhiteElo "1672"]
[BlackElo "1137"]
[PlyCount "59"]
[EventDate "2022.10.28"]
[EventType "swiss"]
[EventRounds "5"]
[EventCountry "ESP"]
[SourceTitle "EXT 2024"]
[Source "ChessBase"]
[SourceDate "2023.10.10"]
[SourceVersion "1"]
[SourceVersionDate "2023.10.10"]
[SourceQuality "1"]

1. e4 e6 2. d3 d5 3. Nd2 Nf6 4. Ngf3 dxe4 5. dxe4 Nc6 6. g3 e5 7. Bg2 Bg4 8. 0-0 Bc5 9. c3 Qd3 10. Qb3 Rb8 11. h3 Bh5 12. Re1 0-0 13. Bf1 Qd7 14. Qb5 Bd6 15. Nh4 Bg6 16. Bg2 a6 17. Qe2 Bc5 18. Nb3 Bb6 19. Be3 Bxe3 20. Qxe3 Rbd8 21. Rad1 Qe6 22. g4 Rxd1 23. Rxd1 Qc4 24. Nf5 Qa4 25. Ra1 Rd8 26. Nc5 Qb5 27. b4 b6 28. a4 Qc4 29. Bf1 Rd3 30. Bxd3 1-0

[Event "Olympiad Women-44"]
[Site "Chennai"]
[Date "2022.08.05"]
[Round "7.4"]
[White "Gonzalez Peguero, Mary Loly"]
[Black "De la Riva Real, Jana"]
[Result "1-0"]
[WhiteElo "1666"]
[BlackElo "1167"]
[PlyCount "113"]
[EventDate "2022.07.29"]
[EventType "team-swiss"]
[EventRounds "11"]
[EventCountry "IND"]
[SourceTitle "CBM 210"]
[Source "ChessBase"]
[SourceDate "2022.10.31"]
[SourceVersion "1"]
[SourceVersionDate "2022.10.31"]
[SourceQuality "1"]
[WhiteTeam "Dominican Republic (W)"]
[BlackTeam "Andorra (W)"]
[WhiteTeamCountry "DOM"]
[BlackTeamCountry "AND"]

1. Nf3 d5 2. g3 Nf6 3. Bg2 c6 4. d3 Bf5 5. 0-0 e6 6. Nbd2 Bc5 7. Qe1 h6 8. e4 Bh7 9. Qe2 0-0 10. e5 Nfd7 11. Re1 Re8 12. Nb3 Bb6 13. Nfd4 a6 14. h4 c5 15. Nf3 Bf5 16. Bf4 Bg4 17. Qd2 Bxf3 18. Bxf3 Nc6 19. Re2 f6 20. exf6 Qxf6 21. Bh5 Rf8 22. Bd6 Rfc8 23. Qf4 Qxf4 24. Bxf4 e5 25. Be3 Rf8 26. Bg4 d4 27. Bxd7 dxe3 28. fxe3 Ne7 29. Nd2 Nf5 30. Be6+ Kh8 31. Bxf5 Rxf5 32. Rf2 Raf8 33. Raf1 Rxf2 34. Rxf2 Rxf2 35. Kxf2 Kg8 36. Kf3 Kf7 37. Kg4 Kg6 38. Nc4 Bc7 39. h5+ Kf6 40. Nd2 Bb6 41. Kf3 Ba7 42. Ne4+ Ke6 43. g4 b5 44. c4 b4 45. b3 a5 46. Ng3 Bb8 47. Nf5 Kf6 48. d4 exd4 49. exd4 cxd4 50. Nxd4 Be5 51. Nc6 Bc7 52. c5 Ke6 53. Ke4 Kf6 54. Nd4 Bb8 55. c6 Kg5 56. Kf3 Kf6 57. Nb5 1-0